书目信息 |
| 题名: |
一九四九年八月十二日关于战时保护平民之日内瓦公约
|
|
| 作者: | ||
| 分册: | ||
| 出版信息: | 中国红十字会总会印 1952 |
|
| 页数: | 79页 | |
| 开本: | 20cm | |
| 丛书名: | ||
| 单 册: | ||
| 中图分类: | K153 | |
| 科图分类: | ||
| 主题词: | 世界史:现代史 | |
| 电子资源: | ||
| ISBN: | ||
| 000 | 00550nam0 2200169 450 | |
| 001 | 1233197708 | |
| 005 | 20121224091454.48 | |
| 010 | @dCNY5.00 | |
| 100 | @a20121224d1952 km y0chiy0120 ea | |
| 101 | 0 | @achi |
| 200 | 1 | @a一九四九年八月十二日关于战时保护平民之日内瓦公约@Ayi jiu si jiu nian ba yue shi er ri guan yu zhan shi bao hu ping min zhi ri nei wa gong yue |
| 210 | @c中国红十字会总会印@d1952 | |
| 215 | @a79页@d20cm | |
| 606 | 0 | @a世界史:现代史 |
| 690 | @aK153@v4 | |
| 801 | 0 | @aCN@b大连网信软件有限公司图书馆·11@c20121224 |
| 905 | @aZUCC@dK153@e197 | |
| 一九四九年八月十二日关于战时保护平民之日内瓦公约.-中国红十字会总会印,1952 |
| 79页;20cm |
| ISBN :CNY5.00 |
| ● |
| 相关链接 |
|
|
|
|
正题名:一九四九年八月十二日关于战时保护平民之日内瓦公约
索取号:K153/197
 
预约/预借
| 序号 | 登录号 | 条形码 | 馆藏地/架位号 | 状态 | 备注 |
| 1 | 0625641 | 206256415 | 古籍典藏专区/ [索取号:K153/197] | 在馆 |